| 000 | 00382 a2200157 4500 | ||
|---|---|---|---|
| 001 | 59602 | ||
| 020 | _a9788723902504 | ||
| 040 | _cAnchieta - Pituba | ||
| 100 | _aRösler, Jo Hanns | ||
| 240 | 1 | 0 |
_aGänsebraten und andere geschichten _lpor |
| 245 | 1 | 0 | _aGänsebraten und andere geschichten |
| 300 | _a48 | ||
| 362 | 0 | _a0 | |
| 650 | 4 | _aLiteratura juvenil em alemão | |
| 942 | _cBK | ||
| 999 |
_c59602 _d59602 |
||